000 02062cam a22006014i 4500
003 PE-LiUPU
005 20250731170453.0
008 150706s2010 mx a rb 000 0 spa d
035 _a(Sirsi) a50127
040 _aPE-LiUPU
_bspa
_cPE-LiUPU
_dPE-LiUPU
_erda
049 _aPRUA
082 0 4 _a150
_bG25
_221
100 1 _aGarcía González, Eva Laura,
_eautor.
245 1 0 _aPsicología [general] /
_cEva Laura García González.
250 _a3a edición.
264 1 _aMéxico :
_bPatria,
_c2010.
300 _a232 páginas :
_bilustraciones ;
_c27 centímetros.
336 _atext
_2rdacontent
337 _aunmediated
_2rdamedia
338 _avolume
_2rdacarrier
490 0 _aBachiller
504 _aIncluye bibliografías.
505 0 _aIntroducción al concepto de Psicología -- Bases biológicas de la conducta -- Percepción -- Aprendizaje y memoria -- Pensamiento y lenguaje -- Motivación y emoción -- Diferencias individuales. Personalidad -- Conducta social -- Estrés y cómo afrontarlo -- Desarrollo psicológico.
526 _aSEG68
526 _aSEG70
526 _aSEG69
526 _aSEG67
526 _aSEG43
526 _aP144
526 _aP143
526 _aP131
526 _aP122
526 _aP120
526 _aP117
526 _aP112
526 _aP110
526 _aP106
526 _aP101
526 _aP80
526 _aP59
526 _aP54
526 _aP35
526 _aP33
526 _aP30
541 _g001-003364;
650 0 4 _aPsicología.
_95567
910 _agl20110907
942 _2ddc
_cBOOK
949 _a150 G25
_wDEWEY
_c1
_i63627
_lCCODEBUL1
_mBUL
_p22.00
_r0
_sY
_tLIBRO
_u2015-07-06
_xSALUD
_PP33
_o.STAFF. Colección Ciencias de la Salud
994 _aC0
_bPEPRU
596 _a1
999 _a150 G25
_wDEWEY
_c52536
_i63627
_d52536
_e2018-9-5
_f2021-11-3
_g5
_lCCODEBUL1
_mBUL
_n17
_p22.00
_q8
_r0
_sY
_tBOOK
_u2015-7-6
_xSALUD
_zP33
_0COMPRA
_o.STAFF. Colección Ciencias de la Salud
980 _81
_gALBERTO SANCHEZ Responsable de Automatización